Crucifying Christ in our colleges / (Record no. 5305)

MARC details
000 -LEADER
campo de control de longitud fija 00544ntaaa2200193 4500
003 - IDENTIFICADOR DE NÚMERO DE CONTROL
campo de control 01
005 - FECHA Y HORA DE LA ÚLTIMA TRANSACCIÓN
campo de control 20251027201119.0
008 - DATOS DE LONGITUD FIJA--INFORMACIÓN GENERAL
campo de control de longitud fija 0714s1973 ag 01
040 ## - FUENTE DE CATALOGACIÓN
Centro catalogador/agencia de origen AR-BaBN
Lengua de catalogación spa
Centro/agencia transcriptor AR-BaBN
Normas de descripción aacr
Centro/agencia modificador RIC
082 ## - NÚMERO DE LA CLASIFICACIÓN DECIMAL DEWEY
Número de clasificación 207.11 G37
100 ## - ENTRADA PRINCIPAL--NOMBRE DE PERSONA
Nombre de persona Gilbert, Dan
9 (RLIN) 8695
245 ## - MENCIÓN DEL TÍTULO
Título Crucifying Christ in our colleges /
Mención de responsabilidad, etc. Dan Gilbert
250 ## - MENCION DE EDICION
Mención de edición 1 ed.
260 ## - PUBLICACIÓN, DISTRIBUCIÓN, ETC.
Lugar de publicación, distribución, etc. San Diego :
Nombre del editor, distribuidor, etc. The Danielle Publishers,
Fecha de publicación, distribución, etc. c1935
300 ## - DESCRIPCIÓN FÍSICA
Extensión 234 p.
500 ## - NOTA GENERAL
Nota general "Crucificando a Cristo en nuestras universidades"
650 ## - PUNTO DE ACCESO ADICIONAL DE MATERIA--TÉRMINO DE MATERIA
Término de materia o nombre geográfico como elemento de entrada Educación Cristiana
9 (RLIN) 405
942 ## - ELEMENTOS DE ENTRADA SECUNDARIOS (KOHA)
Tipo de ítem Koha Colección General
Holdings
Estatus retirado Estado de pérdida Estado de daño No para préstamo Biblioteca de origen Biblioteca actual Fecha de adquisición Número de inventario Total de préstamos Signatura topográfica completa Código de barras Visto por última vez Precio de reemplazo Tipo de ítem Koha
        Biblioteca Pluis Biblioteca Pluis 27/10/2025 021320   207.11 G37 021320 27/10/2025 27/10/2025 Colección General